Przyłącz losową flagę do państwa - Statystyki

Ogólne statystyki
  • Ten quiz został rozwiązany 131 172 razy
  • Średni wynik to 13 z 20
Statystyki odpowiedzi
Obrazkowy Odpowiedź % Poprawnych
Japonia
93%
Kanada
93%
Polska
93%
Ukraina
93%
Argentyna
92%
Belgia
92%
Brazylia
92%
Czechy
92%
Francja
92%
Grecja
92%
Izrael
92%
Niemcy
92%
Rosja
92%
Stany Zjednoczone
92%
Szwajcaria
92%
Szwecja
92%
Wielka Brytania
92%
Wlochy
92%
Albania
91%
Chiny
91%
Chorwacja
91%
Cypr
91%
Finlandia
91%
Hiszpania
91%
Indie
91%
Korea Poludniowa
91%
Norwegia
91%
Portugalia
91%
Turcja
91%
Watykan
91%
Slowacja
90%
Austria
89%
Dania
89%
Estonia
89%
Holandia
89%
Irlandia
89%
Macedonia Północna
89%
Meksyk
89%
Arabia Saudyjska
88%
Australia
88%
Bialorus
88%
Slowenia
88%
Islandia
87%
Rumunia
87%
Serbia
87%
Wegry
87%
Chile
86%
Gruzja
86%
Malta
86%
Republika Poludniowej Afryki
86%
Bulgaria
85%
Egipt
85%
Indonezja
85%
Jamajka
85%
Katar
85%
Kazachstan
85%
Litwa
85%
Łotwa
85%
San Marino
85%
Bosnia i Hercegowina
84%
Kosowo
84%
Monako
84%
Urugwaj
84%
Korea Pólnocna
83%
Luksemburg
83%
Maroko
83%
Nigeria
83%
Nowa Zelandia
82%
Czarnogóra
81%
Iran
81%
Nepal
81%
Kolumbia
80%
Moldawia
80%
Kuba
79%
Wietnam
79%
Liechtenstein
78%
Pakistan
78%
Tunezja
78%
Wenezuela
78%
Irak
77%
Andora
75%
Armenia
75%
Ekwador
75%
Panama
75%
Peru
75%
Algieria
74%
Filipiny
74%
Kenia
74%
Bangladesz
73%
Liban
72%
Sri Lanka
72%
Tajlandia
72%
Singapur
71%
Syria
71%
Mongolia
70%
Wybrzeze Kosci Sloniowej
70%
Azerbejdzan
69%
Malezja
68%
Senegal
68%
Bhutan
67%
Dominikana
67%
Ghana
67%
Angola
66%
Kamerun
66%
Somalia
66%
Zjednoczone Emiraty Arabskie
66%
Uzbekistan
65%
Czad
64%
Kostaryka
64%
Tajwan
64%
Etiopia
63%
Kambodza
63%
Seszele
63%
Uganda
63%
Honduras
62%
Laos
62%
Bahrajn
61%
Barbados
60%
Paragwaj
60%
Madagaskar
59%
Niger
59%
Demokratyczna Republika Konga
58%
Turkmenistan
57%
Kirgistan
56%
Papua-Nowa Gwinea
56%
Haiti
55%
Kuwejt
54%
Oman
54%
Zambia
54%
Jordania
53%
Dominika
52%
Jemen
52%
Mali
52%
Mozambik
52%
Botswana
51%
Fidzi
51%
Gabon
51%
Liberia
51%
Libia
50%
Tanzania
50%
Trynidad i Tobago
50%
Afganistan
49%
Burkina Faso
49%
Gwatemala
49%
Mjanma
49%
Salwador
49%
Malediwy
48%
Nikaragua
48%
Zimbabwe
48%
Bahamy
47%
Boliwia
47%
Kiribati
47%
Lesotho
47%
Palau
47%
Benin
46%
Brunei
46%
Tadzykistan
46%
Belize
45%
Mikronezja
45%
Republika Srodkowoafrykanska
45%
Saint Lucia
45%
Togo
45%
Mauretania
44%
Antigua i Barbuda
43%
Sudan
43%
Surinam
43%
Timor Wschodni
43%
Erytrea
42%
Eswatini
42%
Nauru
42%
Burundi
41%
Kongo
41%
Malawi
41%
Wyspy Marshalla
41%
Komory
40%
Republika Zielonego Przyladka
40%
Sierra Leone
40%
Tonga
40%
Rwanda
39%
Sudan Poludniowy
39%
Mauritius
38%
Gujana
37%
Gwinea
37%
Samoa
37%
Tuvalu
37%
Gambia
36%
Grenada
36%
Namibia
36%
Dzibuti
35%
Saint Vincent i Grenadyny
33%
Vanuatu
33%
Gwinea Równikowa
32%
Wyspy Swietego Tomasza i Ksiazeca
32%
Gwinea Bissau
31%
Saint Kitts i Nevis
31%
Wyspy Salomona
30%
Nie znaleziono quizów pasujących do podanych kryteriów
Rozkład punktacji
Procent ludzi z każdym wynikiem
Percentyl według liczby udzielonych odpowiedzi
Twoja historia wyników
Nie rozwiązałeś tego quizu